Vögel Schweiz #3 Greifvögel - Statistiken

Allgemein
  • Dieses Quiz wurde 19 mal gespielt
  • Das Durchschnittsergebnis liegt bei 9 aus 16
Antwortstatistiken
Bildquiz Antwort % Korrekt
Habicht
83%
Steinadler
83%
Turmfalke
83%
Mäusebussard
75%
Bartgeier
67%
Fischadler
58%
Gänsegeier
58%
Rotmilan
58%
Sperber
50%
Wanderfalke
50%
Schwarzmilan
42%
Baumfalke
33%
Wiesenweihe
33%
Gleitaar
25%
Merlin
25%
Raufussbussard
25%
Keine übereinstimmenden Quizze gefunden
Verteilung der Resultate
Anzahl Personen mit jedem Resultat
Perzentil nach korrekt beantworteten Fragen
Ihre Resultats-Entwicklung
Sie haben dieses Quiz noch nicht gespielt